Child star : (Record no. 3845)
[ view plain ]
| 000 -LEADER | |
|---|---|
| fixed length control field | nam a22 a 4500 |
| 003 - CONTROL NUMBER IDENTIFIER | |
| control field | AKMAL |
| 005 - DATE AND TIME OF LATEST TRANSACTION | |
| control field | 20170524094026.0 |
| 008 - FIXED-LENGTH DATA ELEMENTS--GENERAL INFORMATION | |
| fixed length control field | 170524sc198 nyu 00 eng d |
| 020 ## - INTERNATIONAL STANDARD BOOK NUMBER | |
| International Standard Book Number | 0070055327 |
| 040 ## - CATALOGING SOURCE | |
| Original cataloging agency | AKMAL |
| Transcribing agency | AKMAL |
| 082 04 - DEWEY DECIMAL CLASSIFICATION NUMBER | |
| Classification number | 791.43028 TEM |
| 090 ## - LOCALLY ASSIGNED LC-TYPE CALL NUMBER (OCLC); LOCAL CALL NUMBER (RLIN) | |
| Classification number (OCLC) (R) ; Classification number, CALL (RLIN) (NR) | 791.43028 |
| Local cutter number (OCLC) ; Book number/undivided call number, CALL (RLIN) | TEM |
| 100 1# - MAIN ENTRY--PERSONAL NAME | |
| Personal name | Temple, Shirley, |
| Dates associated with a name | 1928- |
| 9 (RLIN) | 7599 |
| 245 1# - TITLE STATEMENT | |
| Title | Child star : |
| Remainder of title | an autobiography / |
| Statement of responsibility, etc. | Shirley Temple Black |
| 260 ## - PUBLICATION, DISTRIBUTION, ETC. | |
| Place of publication, distribution, etc. | New York : |
| Name of publisher, distributor, etc. | McGraw-Hill, |
| Date of publication, distribution, etc. | c1988 |
| 300 ## - PHYSICAL DESCRIPTION | |
| Extent | 546p., [48]p. of plates ; |
| Dimensions | 24cm. |
| 500 ## - GENERAL NOTE | |
| General note | Includes index |
| 504 ## - BIBLIOGRAPHY, ETC. NOTE | |
| Bibliography, etc. note | Filmography: p. 519-525 |
| 600 10 - SUBJECT ADDED ENTRY--PERSONAL NAME | |
| Personal name | Temple, Shirley, |
| Dates associated with a name | 1928- |
| 9 (RLIN) | 7599 |
| 650 ## - SUBJECT ADDED ENTRY--TOPICAL TERM | |
| Topical term or geographic name entry element | Motion picture actors and actresses |
| General subdivision | Biography |
| Geographic subdivision | United States |
| 9 (RLIN) | 7600 |
| 650 ## - SUBJECT ADDED ENTRY--TOPICAL TERM | |
| Topical term or geographic name entry element | Autobiography |
| 9 (RLIN) | 802 |
| 942 ## - ADDED ENTRY ELEMENTS (KOHA) | |
| Source of classification or shelving scheme | |
| Koha item type | Book |
| Withdrawn status | Lost status | Source of classification or shelving scheme | Damaged status | Not for loan | Collection code | Home library | Current library | Shelving location | Date acquired | Inventory number | Total Checkouts | Full call number | Barcode | Date last seen | Price effective from | Koha item type |
|---|---|---|---|---|---|---|---|---|---|---|---|---|---|---|---|---|
| NON-FICTION | AKMAL Melaka | AKMAL Melaka | PINJAMAN | 24.05.2017 | 700093 | 791.43028 TEM | 201704898 | 24.05.2017 | 24.05.2017 | Book |
